000 01402nam0a22002891 4500
001 rc\965145
005 20041129100623.6
035 _a(NLR Aleph) 006134494
090 _a5596468
_c5596468
100 _a20041129d1982 u |0rusy50 ca
101 0 _arus
102 _aRU
105 _aa |||||||||
200 1 _aЭкологический способ защиты рыб на повороте струй открытого потока
_f[Д.С. Павлов, В.К. Нездолий, А.Ш. Барекян и др.
_gОтв. ред. Б.П. Мантейфель]
210 _aМ.
_cНаука
_d1982
215 _a112 с.
_cил.
_d21
300 _aАвт. указаны на 5-й с.
300 _aВ надзаг.: АН СССР, Ин-т эволюц. морфологии и экологии животных им. А.Н. Северцова
320 _aБиблиогр.: с. 109-110
701 1 _aПавлов
_bД. С.
_gДмитрий Сергеевич
702 1 _aМантейфель
_bБ. П.
_cд-р биол. наук
_f1907-1989
_gБорис Петрович
_3RU\NLR\AUTH\770143605
_4340
712 0 2 _aИнститут эволюционной морфологии и экологии животных им. А.Н.Северцова
_cМосква
_3RU\NLR\AUTH\884586
801 0 _aRU
_bNLR
_gpsbo
801 1 _aRU
_bELAR
_2rusmarc
852 _aNLR
_j83-5/1320
942 _cBOOK
980 _aNB